L'Europe de 1900 à nos jours (notice n° 2186975)

détails MARC
000 -LEADER
fixed length control field 01852cam a2200157 4500500
005 - DATE AND TIME OF LATEST TRANSACTION
control field 20260405064310.0
041 ## - LANGUAGE CODE
Language code of text/sound track or separate title fre
042 ## - AUTHENTICATION CODE
Authentication code dc
100 10 - MAIN ENTRY--PERSONAL NAME
Personal name Bonhomme, Éric
Relator term author
245 00 - TITLE STATEMENT
Title L'Europe de 1900 à nos jours
260 ## - PUBLICATION, DISTRIBUTION, ETC.
Name of publisher, distributor, etc. Armand Colin,<br/>
Date of publication, distribution, etc. 2018.<br/>
520 ## - SUMMARY, ETC.
Summary, etc. L’Europe de 1900 à nos jours est destinée aux étudiants de premier et deuxième cycle (Licence, CPGE, CAPES) ainsi qu’aux candidats préparant les épreuves d’histoire contemporaine des concours administratifs et des IEP. Ce livre cherche à expliciter l’évolution de l’Europe et de ses peuples, du « monde d’hier » avant 1914 aux reconfigurations les plus récentes. L’Europe y est envisagée comme un espace à géométrie variable qui ne se réduit ni à une addition de pays ni à la construction européenne. L’analyse met en valeur à la fois les enjeux de puissance(s) et les forces économiques, sociales et culturelles à l’œuvre dans un continent en prise permanente sur le monde. Ce manuel s’organise autour de trois temps forts : • COURS : chaque chapitre est accompagné d’outils : définitions, biographies, dates-clés, points à retenir, et se termine par des propositions d’approfondissement : zooms, histoires comparées, bibliographie, débat historiographique. • MÉTHODES : étape après étape, les méthodes de la dissertation et du commentaire de document sont expliquées avec des exemples précis de sujets corrigés. • ATLAS : en fin d’ouvrage, un atlas tout en couleur propose les cartes essentielles. Des compléments à télécharger sont disponibles dans la rubrique "ressources numériques".
700 10 - ADDED ENTRY--PERSONAL NAME
Personal name Bonhomme, Éric
Relator term author
700 10 - ADDED ENTRY--PERSONAL NAME
Personal name Verclytte, Thomas
Relator term author
856 41 - ELECTRONIC LOCATION AND ACCESS
Uniform Resource Identifier <a href="https://shs.cairn.info/l-europe-de-1900-a-nos-jours--9782200614560?lang=fr&redirect-ssocas=7080">https://shs.cairn.info/l-europe-de-1900-a-nos-jours--9782200614560?lang=fr&redirect-ssocas=7080</a>

Pas d'exemplaire disponible.

PLUDOC

PLUDOC est la plateforme unique et centralisée de gestion des bibliothèques physiques et numériques de Guinée administré par le CEDUST. Elle est la plus grande base de données de ressources documentaires pour les Étudiants, Enseignants chercheurs et Chercheurs de Guinée.

Adresse

627 919 101/664 919 101

25 boulevard du commerce
Kaloum, Conakry, Guinée

Réseaux sociaux

Powered by Netsen Group @ 2025